000 00686nam a2200193 i 4500
001 5661
003 ES-MaACL
005 20230906144644.0
007 t|
008 890418s1987 fr ||||1| fre d
020 _a2-01-011027-7
080 _a902.4(100)
245 0 0 _aAtlas historique
_b: histoire de l'humanite : de la prehistoire a nos jours /
_ctextes sous la direction de Pierre Vidal-Naquet ; cartographie sous la direction de Jacques Bertin.
260 _aParis :
_bHachette,
_c1987.
650 4 _aHistoria universal-
_xAtlas.
_913430
700 1 _aVidal-Naquet, Pierre.
_9114505
700 1 _aBertin, Jacques,
_edir.
_928465
852 _aES-MaACL
_jL-12590
_bR.115971
_z. - cart.
999 _c5661
_d5661